[Event "Chigorin Memorial"]
[Site "St Petersburg RUS"]
[Date "2013.10.13"]
[Round "9.27"]
[White "Akhmetov, Ayan"]
[Black "Levin, Evgeny A."]
[Result "1/2-1/2"]
[BlackTitle "GM"]
[WhiteElo "2368"]
[BlackElo "2512"]
[WhiteFideId "13703706"]
[BlackFideId "4182596"]
[EventDate "2013.10.05"]

1. e4 e6 2. d4 d5 3. exd5 exd5 4. Nf3 Bf5 5. Bd3 Bxd3 6. Qxd3 Nc6 7. O-O Bd6 8.
Nc3 Nge7 9. Re1 O-O 10. Bg5 f6 11. Bh4 Qd7 12. Bg3 Bxg3 13. hxg3 Nb4 14. Qd2
Rae8 15. Re2 Nc8 16. Rae1 Nb6 17. a3 Na6 18. b3 c6 19. Nh4 Nc7 20. Nd1 Rxe2 21.
Rxe2 Re8 22. Nb2 Rxe2 23. Qxe2 Nb5 24. Nf3 Nc3 25. Qe1 Ne4 26. Nd2 Nxd2 27. Qxd2
Nc8 28. Nd3 Nd6 29. a4 Qg4 30. Qa5 Qd1+ 31. Kh2 Qh5+ 32. Kg1 Qd1+ 33. Kh2 Qh5+
34. Kg1 Qd1+ 1/2-1/2

[Event "Chigorin Memorial"]
[Site "St Petersburg RUS"]
[Date "2013.10.13"]
[Round "9.28"]
[White "Raznikov, Danny"]
[Black "Kozionov, Kirill"]
[Result "1/2-1/2"]
[WhiteTitle "IM"]
[BlackTitle "FM"]
[WhiteElo "2486"]
[BlackElo "2368"]
[WhiteFideId "2811154"]
[BlackFideId "24101729"]
[EventDate "2013.10.05"]

1. d4 d5 2. c4 e6 3. Nc3 a6 4. cxd5 exd5 5. Bf4 c6 6. e3 Bd6 7. Bxd6 Qxd6 8. Bd3
Ne7 9. Qc2 Bg4 10. h3 Bh5 11. f4 f6 12. g4 Bg6 13. f5 Bf7 14. Nge2 c5 15. dxc5
Qxc5 16. Nd4 Nbc6 17. O-O-O O-O-O 18. Nce2 Qb6 19. Kb1 Kb8 20. Rc1 Ne5 21. Nf4
Rc8 22. Qd2 N7c6 23. Be2 Nc4 24. Bxc4 dxc4 25. Nde6 Bxe6 26. Nxe6 Ne5 27. Qd4
Qc6 28. Rhd1 g6 29. e4 gxf5 30. exf5 Qf3 31. Qf4 Qxf4 32. Nxf4 Rhd8 33. Ne6 Rxd1
34. Rxd1 c3 35. Rc1 cxb2 36. Rxc8+ Kxc8 37. Kxb2 Kd7 38. Kc3 h6 39. Nc5+ Kc6 40.
Ne4 Nd7 41. Kd4 b5 42. Nc3 b4 43. Ne4 a5 44. h4 a4 45. g5 fxg5 46. hxg5 hxg5 47.
Nxg5 b3 48. Kc3 bxa2 49. Kb2 Kd5 50. Kxa2 Ke5 51. Ka3 Nb6 52. Ne6 Kxf5 53. Nc5
Ke5 54. Nxa4 Nxa4 55. Kxa4 1/2-1/2

[Event "Chigorin Memorial"]
[Site "St Petersburg RUS"]
[Date "2013.10.13"]
[Round "9.29"]
[White "Predke, Alexandr"]
[Black "Demianjuk, Alexander"]
[Result "1-0"]
[WhiteElo "2464"]
[BlackElo "2355"]
[WhiteFideId "24107581"]
[BlackFideId "4134249"]
[EventDate "2013.10.05"]

1. c4 e5 2. Nc3 Nc6 3. Nf3 f5 4. g3 Nf6 5. d4 e4 6. Nh4 Bb4 7. Nxf5 d5 8. Ne3
dxc4 9. d5 Bxc3+ 10. bxc3 Ne7 11. Qa4+ Qd7 12. Qxc4 Nexd5 13. Bg2 Nb6 14. Qc5
Na4 15. Qa3 b6 16. O-O Nc5 17. c4 O-O 18. Qc3 Bb7 19. Ba3 Qc6 20. Nf5 Rfe8 21.
Rad1 Qe6 22. Nd4 Qe5 23. Qc2 Qh5 24. Nb5 e3 25. f3 Re7 26. Rd4 a6 27. Nc3 Rd7
28. Rxd7 Nfxd7 29. Rd1 Nf6 30. Nd5 Bxd5 31. cxd5 Rd8 32. Qc4 Nxd5 33. f4 c6 34.
Bf3 Qf7 35. Bxc5 bxc5 36. Qxa6 Rf8 37. Qxc6 Nf6 38. Qxc5 Qxa2 39. Bd5+ Nxd5 40.
Qxd5+ Qxd5 41. Rxd5 1-0

[Event "Chigorin Memorial"]
[Site "St Petersburg RUS"]
[Date "2013.10.13"]
[Round "9.30"]
[White "Chekhov, Sergei"]
[Black "Palachev, Petr"]
[Result "1-0"]
[WhiteTitle "IM"]
[BlackTitle "FM"]
[WhiteElo "2455"]
[BlackElo "2348"]
[WhiteFideId "4195639"]
[BlackFideId "24129003"]
[EventDate "2013.10.05"]

1. e4 c6 2. c4 d5 3. exd5 cxd5 4. cxd5 Nf6 5. Nc3 Nxd5 6. Nf3 Nc6 7. d4 e6 8.
Bc4 Be7 9. O-O O-O 10. Re1 Nf6 11. Bf4 a6 12. Bb3 Na5 13. Bc2 b5 14. Ng5 Bb7 15.
Be5 g6 16. h4 Nc4 17. Bb3 Rc8 18. Qe2 Qb6 19. Rad1 Qc6 20. d5 Nxd5 21. Nxd5 exd5
22. Bd4 Bb4 23. Bc2 Rfe8 24. Qf3 f5 25. Bxf5 gxf5 26. Nxh7 Rxe1+ 27. Rxe1 Qg6
28. Nf6+ Kf7 29. h5 Qg5 30. Nh7 Qg4 31. Qxg4 fxg4 32. Ng5+ Kf8 33. Re6 Be7 34.
Rg6 Bxg5 35. Rxg5 Rc7 36. h6 Rh7 37. Rxg4 Kf7 38. Bg7 Nd6 39. Rf4+ Ke7 40. g4
Nf7 41. g5 Nxg5 42. Bf6+ Kf7 43. Bxg5+ Kg6 44. Rg4 Kf5 45. Rg3 d4 46. Bd2 Ke4
47. Ra3 Bc8 48. f3+ Kd5 49. Kf2 Rc7 50. Kg3 Rf7 51. Bf4 Kc4 52. Be5 Bb7 53. Bg7
b4 54. Ra5 Bxf3 55. b3+ Kd3 56. Rxa6 Ke3 57. Rf6 Rxf6 58. Bxf6 Be4 59. Be7 Kd3
60. Bxb4 Kc2 61. Be1 Kb2 62. b4 Kxa2 63. b5 1-0

[Event "Chigorin Memorial"]
[Site "St Petersburg RUS"]
[Date "2013.10.13"]
[Round "9.31"]
[White "Givon, Asaf"]
[Black "Rozhko, Dmitry"]
[Result "1-0"]
[WhiteTitle "IM"]
[BlackTitle "FM"]
[WhiteElo "2445"]
[BlackElo "2339"]
[WhiteFideId "2801841"]
[BlackFideId "4150430"]
[EventDate "2013.10.05"]

1. e4 e6 2. d4 d5 3. Nd2 dxe4 4. Nxe4 Nd7 5. Nf3 Ngf6 6. Bd3 Nxe4 7. Bxe4 Nf6 8.
Bg5 Be7 9. Bxf6 Bxf6 10. Qd3 Qd6 11. O-O-O Rb8 12. Kb1 h5 13. Qe3 b5 14. Ne5 Bb7
15. Bxb7 Rxb7 16. Qf3 Rb8 17. Rhe1 Bxe5 18. dxe5 Qc5 19. Re3 b4 20. b3 a5 21.
Red3 h4 22. Rd4 O-O 23. Qh5 g6 24. Qg5 Rb5 25. f4 Qc6 26. Rd8 Rb8 27. R8d3 Qe4
28. Qxh4 Qe2 29. g4 Rfc8 30. Re1 Qg2 31. Rh3 1-0

[Event "Chigorin Memorial"]
[Site "St Petersburg RUS"]
[Date "2013.10.13"]
[Round "9.32"]
[White "Paravyan, David"]
[Black "Shchukin, Dmitry"]
[Result "1-0"]
[BlackTitle "IM"]
[WhiteElo "2444"]
[BlackElo "2318"]
[WhiteFideId "4194985"]
[BlackFideId "4121724"]
[EventDate "2013.10.05"]

1. d4 Nf6 2. Nf3 g6 3. c4 Bg7 4. Nc3 O-O 5. e4 d6 6. Be2 Bg4 7. Be3 Nfd7 8. d5
Bxf3 9. Bxf3 Na6 10. Qc2 c6 11. dxc6 bxc6 12. O-O Ne5 13. Be2 c5 14. Qa4 Qc8 15.
f4 Nc6 16. e5 Rb8 17. Bf3 Nd4 18. Bxd4 cxd4 19. Nd5 Re8 20. exd6 exd6 21. Rae1
Nc5 22. Qxa7 Kf8 23. Re7 Rb7 24. Rxb7 Nxb7 25. Nb6 Qe6 26. Qxb7 Qe3+ 27. Kh1 Qf2
28. Rg1 Bf6 29. Bd5 Re7 30. Nd7+ Kg7 31. Qc8 1-0

[Event "Chigorin Memorial"]
[Site "St Petersburg RUS"]
[Date "2013.10.13"]
[Round "9.34"]
[White "Mokshanov, Alexey"]
[Black "Sichinava, Zviad"]
[Result "1-0"]
[WhiteTitle "FM"]
[WhiteElo "2411"]
[BlackElo "2305"]
[WhiteFideId "24121657"]
[BlackFideId "24111716"]
[EventDate "2013.10.05"]

1. e4 c5 2. Nf3 e6 3. c3 d5 4. exd5 exd5 5. Bb5+ Bd7 6. Bxd7+ Qxd7 7. O-O Nc6 8.
d4 Nf6 9. Re1+ Be7 10. dxc5 O-O 11. Bg5 h6 12. Bxf6 Bxf6 13. Nbd2 a5 14. a4 d4
15. Ne4 Rfd8 16. Nxf6+ gxf6 17. cxd4 Nxd4 18. Nxd4 Qxd4 19. Re8+ 1-0

[Event "Chigorin Memorial"]
[Site "St Petersburg RUS"]
[Date "2013.10.13"]
[Round "9.36"]
[White "Baghdasaryan, Vahe"]
[Black "Golubov, Saveliy"]
[Result "0-1"]
[WhiteTitle "IM"]
[WhiteElo "2395"]
[BlackElo "2233"]
[WhiteFideId "13303139"]
[BlackFideId "24176729"]
[EventDate "2013.10.05"]

1. e4 e6 2. d4 d5 3. Nc3 Bb4 4. a3 Bxc3+ 5. bxc3 Ne7 6. Bd3 O-O 7. Nf3 b6 8. O-O
Ba6 9. exd5 Bxd3 10. Qxd3 exd5 11. Ng5 Ng6 12. f4 Re8 13. f5 Nf8 14. f6 g6 15.
Qf3 Qd7 16. Qf4 Qd6 17. Qh4 Nbd7 18. Bf4 Qc6 19. Be5 h5 20. Nf3 Qxc3 21. Kh1 Ne6
22. g4 hxg4 23. Ng5 Nxg5 24. Qxg5 Qh3 25. Rf4 Nxe5 26. dxe5 Qh5 27. Qxh5 gxh5
28. Rf5 Kh7 29. h4 Kh6 30. Raf1 Rad8 31. Rg5 Rg8 32. Rff5 Rxg5 33. Rxg5 b5 34.
Kg2 a5 35. Kg3 a4 36. c3 d4 37. cxd4 Rxd4 38. Rg7 b4 39. Rxf7 bxa3 40. Rxc7 a2
41. Rc1 Kg6 42. Re1 Re4 43. Rf1 Kf7 44. Ra1 Rxe5 45. Rxa2 Ra5 46. Ra3 Kxf6 47.
Kf4 Ke6 48. Ke4 Kd6 49. Kd4 Kc6 50. Kc4 Rf5 51. Kd4 Rf3 52. Ra2 a3 53. Kc4 g3
54. Kd4 Kb5 55. Ke4 Rc3 0-1

[Event "Chigorin Memorial"]
[Site "St Petersburg RUS"]
[Date "2013.10.13"]
[Round "9.37"]
[White "Tologontegin, Semetey"]
[Black "Zaitsev, Alexander"]
[Result "1/2-1/2"]
[WhiteTitle "FM"]
[BlackTitle "IM"]
[WhiteElo "2350"]
[BlackElo "2386"]
[WhiteFideId "13800574"]
[BlackFideId "4164490"]
[EventDate "2013.10.05"]

1. e4 c6 2. d4 g6 3. Nc3 Bg7 4. Bc4 d5 5. exd5 b5 6. Bb3 b4 7. Nce2 cxd5 8. Nf3
Nf6 9. O-O O-O 10. a3 bxa3 11. Rxa3 Nc6 12. Ne5 Bb7 13. Nd3 Ne4 14. f3 Nd6 15.
Nc5 Na5 16. Nxb7 Ndxb7 17. Ba2 e6 18. Qd3 Nd6 19. b3 Nc6 20. c3 a5 21. Be3 Qb6
22. Ra1 Rfc8 23. Bb1 Bf8 24. Bf2 Ne8 25. b4 Nc7 26. bxa5 Rxa5 27. Rxa5 Nxa5 28.
h4 Nb5 29. Bc2 Na3 30. Ra2 N5c4 31. g4 Nxc2 32. Qxc2 Na3 33. Qd1 Rb8 34. Kg2 Qa6
35. Qc1 Qc4 36. Rb2 Rc8 37. Qf4 Nb5 38. h5 Ba3 39. h6 Nd6 40. Qe5 Ne8 41. Rb8
Bd6 42. Rxc8 Qxc8 43. Qe3 Qd8 44. Bg3 Qe7 45. g5 Bxg3 46. Nxg3 f6 47. f4 Nd6 48.
Kh3 Kf7 49. Kh4 Nf5+ 50. Nxf5 exf5 51. Qxe7+ Kxe7 52. Kg3 fxg5 53. fxg5 Kd7 54.
Kf3 Kc6 55. Kf4 Kd6 56. Kf3 Kc6 57. Kf4 Kb5 58. Ke5 Kc4 59. Kf6 f4 60. Kg7 f3
61. Kxh7 f2 62. Kxg6 f1=Q 63. Kg7 Qh3 64. g6 Qd7+ 65. Kg8 Qe8+ 66. Kg7 Qe7+ 67.
Kg8 Qe8+ 68. Kg7 Qe7+ 69. Kg8 Qf6 70. Kh7 Qf5 71. Kg7 1/2-1/2

[Event "Chigorin Memorial"]
[Site "St Petersburg RUS"]
[Date "2013.10.13"]
[Round "9.38"]
[White "Pasiev, Rakhim"]
[Black "Balaian, Alina"]
[Result "1-0"]
[WhiteTitle "IM"]
[BlackTitle "WIM"]
[WhiteElo "2385"]
[BlackElo "2218"]
[WhiteFideId "24122475"]
[BlackFideId "24115347"]
[EventDate "2013.10.05"]

1. e4 e6 2. d4 d5 3. Nc3 Bb4 4. e5 c5 5. Qg4 Ne7 6. dxc5 Nbc6 7. Bd2 Ng6 8. Nf3
Qc7 9. O-O-O Bxc5 10. Bd3 Nb4 11. Kb1 Nxd3 12. cxd3 Bd7 13. d4 Be7 14. h4 h5 15.
Qg3 b5 16. Bg5 b4 17. Ne2 Bb5 18. Rc1 Bd3+ 19. Ka1 Qa5 20. Bxe7 Nxe7 21. Rc5 Qa6
22. Nc1 Bg6 23. Nd2 Qb6 24. f3 O-O 25. Qf2 Rfc8 26. Ncb3 a5 27. g4 a4 28. Rxc8+
Rxc8 29. Nc5 Nc6 30. Rc1 Ra8 31. Qe3 Qb5 32. gxh5 Bxh5 33. Rg1 Na5 34. Qg5 Bg6
35. h5 Nb3+ 36. Ndxb3 axb3 37. hxg6 Rxa2+ 38. Kb1 f6 39. exf6 gxf6 40. Qxf6 Ra7
41. Qd8+ Kg7 42. Nxe6+ Kh6 43. Qg5# 1-0

[Event "Chigorin Memorial"]
[Site "St Petersburg RUS"]
[Date "2013.10.13"]
[Round "9.39"]
[White "Oparin, Grigoriy"]
[Black "Leontiev, Aleksandr V."]
[Result "1-0"]
[WhiteTitle "IM"]
[BlackTitle "IM"]
[WhiteElo "2526"]
[BlackElo "2310"]
[WhiteFideId "24125890"]
[BlackFideId "4122968"]
[EventDate "2013.10.05"]

1. e4 e5 2. Nf3 Nc6 3. Bb5 a6 4. Ba4 d6 5. O-O Bg4 6. h3 h5 7. d4 b5 8. Bb3 Nxd4
9. hxg4 hxg4 10. Ng5 Nh6 11. f4 Nxb3 12. axb3 Be7 13. g3 g6 14. Qd5 O-O 15. Nc3
b4 16. Ne2 Kg7 17. Be3 Ng8 18. Qd2 Qc8 19. fxe5 dxe5 20. Qd5 Bf6 21. Rxf6 Nxf6
22. Qxe5 Re8 23. Qf4 c5 24. e5 Rxe5 25. Qxe5 Qc6 26. Qe7 Re8 27. Qxf7+ Kh8 28.
Rf1 1-0

[Event "Chigorin Memorial"]
[Site "St Petersburg RUS"]
[Date "2013.10.13"]
[Round "9.40"]
[White "Drozdova, Dina"]
[Black "Al-Sayed, Mohammed"]
[Result "0-1"]
[WhiteTitle "WIM"]
[BlackTitle "GM"]
[WhiteElo "2291"]
[BlackElo "2498"]
[WhiteFideId "4170695"]
[BlackFideId "12100196"]
[EventDate "2013.10.05"]

1. d4 Nf6 2. c4 g6 3. Nc3 Bg7 4. e4 d6 5. Nf3 O-O 6. h3 e5 7. d5 a5 8. Bg5 Na6
9. g4 c6 10. Nd2 Nc5 11. Qf3 Bd7 12. O-O-O h6 13. Be3 a4 14. Kb1 a3 15. b3 Qa5
16. Rc1 cxd5 17. cxd5 Rfc8 18. Nc4 Qb4 19. Bxc5 Rxc5 20. Nxd6 Rxc3 21. Qxc3 Qxd6
22. Bd3 Ne8 23. Qc5 Qf6 24. Qe3 Bf8 25. Rc2 Kg7 26. f3 b6 27. Be2 Bc5 28. Qd2
Qh4 29. f4 Qg3 30. f5 Nd6 31. Qd3 Qh4 32. Qf3 gxf5 33. exf5 e4 34. Qf4 Qg5 35.
Qg3 Qf6 36. h4 Rh8 37. Rf1 Bd4 38. Qf4 Rc8 39. g5 Qe5 40. Qxe5+ Bxe5 41. Rxc8
Bxc8 42. Bg4 Ba6 43. Rf2 e3 44. Rg2 hxg5 45. hxg5 Bf1 0-1

[Event "Chigorin Memorial"]
[Site "St Petersburg RUS"]
[Date "2013.10.13"]
[Round "9.41"]
[White "Zhurikhin, Alexander"]
[Black "Aitbayev, Aslan"]
[Result "1/2-1/2"]
[WhiteTitle "FM"]
[BlackTitle "IM"]
[WhiteElo "2308"]
[BlackElo "2403"]
[WhiteFideId "4139569"]
[BlackFideId "13704613"]
[EventDate "2013.10.05"]

1. e4 e6 2. d4 d5 3. Nc3 Bb4 4. a3 Bxc3+ 5. bxc3 dxe4 6. Qg4 Nf6 7. Qxg7 Rg8 8.
Qh6 Nbd7 9. Ne2 b6 10. Ng3 Bb7 11. Be2 Qe7 12. a4 O-O-O 13. O-O Ng4 14. Qh3 f5
15. a5 h5 16. axb6 axb6 17. Ba6 Ngf6 18. c4 Bxa6 19. Rxa6 Nb8 20. Ra7 Rxd4 21.
c5 bxc5 22. Bf4 Nd5 23. Be5 Rb4 24. Nxh5 Qg5 25. g3 Nc6 26. Ra8+ Rb8 27. Rxb8+
Kxb8 28. Rb1+ Kc8 29. Ba1 e5 30. Rd1 Nd4 31. c3 Ne3 32. cxd4 Nxd1 33. dxe5 Rh8
34. Qf1 Qxh5 35. Qa6+ Kd8 36. Qf6+ Ke8 37. Qe6+ Kd8 38. Qf6+ Ke8 39. Qe6+ Kf8
40. Qf6+ Kg8 41. Qd8+ Kf7 42. Qf6+ 1/2-1/2

[Event "Chigorin Memorial"]
[Site "St Petersburg RUS"]
[Date "2013.10.13"]
[Round "9.42"]
[White "Borisenko, Andrei"]
[Black "Ageichenko, Genadi A"]
[Result "1-0"]
[WhiteTitle "IM"]
[BlackTitle "IM"]
[WhiteElo "2401"]
[BlackElo "2296"]
[WhiteFideId "4120930"]
[BlackFideId "4105222"]
[EventDate "2013.10.05"]

1. e4 c5 2. Nf3 e6 3. c4 Nc6 4. Nc3 d6 5. Be2 Nf6 6. d4 cxd4 7. Nxd4 Be7 8. Nc2
O-O 9. O-O b6 10. f3 Bb7 11. Qd2 a6 12. Rd1 Qc7 13. Bf1 Ne5 14. Ne3 Rfd8 15. Kh1
Ng6 16. Qf2 Bc6 17. Bd2 Qb7 18. a4 d5 19. cxd5 exd5 20. exd5 Bxd5 21. Nexd5 Nxd5
22. Bc4 Bc5 23. Qe2 Nxc3 24. Bxc3 a5 25. Qc2 Nh4 26. Re1 g6 27. Re4 Nf5 28. Rae1
Qc6 29. Qb3 Qc7 30. Bf6 Rf8 31. g4 Qc6 32. Re6 Nd6 33. Bd5 Qc8 34. Re7 Rb8 35.
Qc3 Bb4 36. Qe3 Nf5 37. gxf5 Qxf5 38. Qe5 Qxe5 39. R1xe5 Bxe7 40. Bxe7 Rfc8 41.
Bd6 Rc1+ 42. Kg2 Rd8 43. Be7 Rdc8 44. b3 Kg7 45. Bc4 Rd1 46. Bg5 Rc7 47. Be3 Rd6
48. Rb5 Rcc6 49. Bd5 Rc2+ 50. Kg3 f5 51. h4 h6 52. Bxb6 g5 53. Bd4+ Kg6 54. h5+ 1-0

[Event "Chigorin Memorial"]
[Site "St Petersburg RUS"]
[Date "2013.10.13"]
[Round "9.43"]
[White "Pustovoitova, Daria"]
[Black "Tseitlin, Mark D"]
[Result "1-0"]
[WhiteTitle "FM"]
[BlackTitle "GM"]
[WhiteElo "2286"]
[BlackElo "2399"]
[WhiteFideId "4182146"]
[BlackFideId "2800128"]
[EventDate "2013.10.05"]

1. e4 c5 2. Nf3 d6 3. d4 cxd4 4. Nxd4 Nf6 5. Nc3 a6 6. Bg5 Nbd7 7. Bc4 Qa5 8.
Qd2 e6 9. O-O-O b5 10. Bd5 b4 11. Bxa8 bxc3 12. bxc3 Qxa2 13. Qe2 Be7 14. f4 Nb6
15. Kd2 d5 16. Bxf6 Nc4+ 17. Ke1 Bxf6 18. Kf2 Qa3 19. Bxd5 exd5 20. exd5+ Be7
21. Qxc4 O-O 22. Rhe1 Qd6 23. Nc6 Bf6 24. Qb4 Qd7 25. Ne7+ Bxe7 26. Rxe7 Qg4 27.
Rde1 Bd7 28. Qd6 Bb5 29. c4 Ba4 30. c5 h6 31. c6 Bxc2 32. R7e2 1-0

[Event "Chigorin Memorial"]
[Site "St Petersburg RUS"]
[Date "2013.10.13"]
[Round "9.44"]
[White "Ponomarev, Dmitry"]
[Black "Palchun, Grigory"]
[Result "1-0"]
[WhiteTitle "IM"]
[WhiteElo "2395"]
[BlackElo "2263"]
[WhiteFideId "24112046"]
[BlackFideId "24147338"]
[EventDate "2013.10.05"]

1. d4 Nf6 2. c4 e6 3. Nc3 Bb4 4. Qc2 O-O 5. a3 Bxc3+ 6. Qxc3 b6 7. Bg5 Bb7 8. f3
d5 9. e3 Nbd7 10. cxd5 exd5 11. Bd3 c5 12. Ne2 h6 13. Bh4 Re8 14. O-O Rc8 15.
Bf2 Nf8 16. b3 Ne6 17. Qb2 Qd7 18. Rac1 Bc6 19. a4 Qb7 20. Qa3 Nd7 21. b4 c4 22.
Bb1 Nf6 23. b5 Bd7 24. Nc3 Ng5 25. Rce1 Rcd8 26. h4 Ne6 27. Bg3 Bc8 28. Qb2 Qe7
29. Qc2 Bb7 30. Be5 Nf8 31. g4 a6 32. Kf2 N6d7 33. Bg3 Ra8 34. bxa6 Rxa6 35. e4
dxe4 36. Nxe4 Qa3 37. Nc3 Raa8 38. Bf4 Bc6 39. Rxe8 Rxe8 40. d5 Qc5+ 41. Kg3
Bxd5 42. Nxd5 Qxd5 43. Rd1 Qe6 44. Qc3 Qe2 45. Qd2 Nc5 46. Bc2 Qxd2 47. Rxd2
Nfe6 48. Be3 Ra8 49. f4 Nxa4 50. f5 Nec5 51. f6 gxf6 52. Bxh6 b5 53. g5 c3 54.
Rd5 f5 55. Bxf5 b4 56. g6 b3 57. h5 c2 58. Be3 fxg6 59. Bxg6 Ne6 60. Rd7 Nf8 61.
Bf7+ Kh7 62. Rc7 Nc5 63. Bxb3+ Ncd7 64. Bxc2+ Kg8 65. Bd4 Ra5 66. Kg4 Kf7 67. h6
Ke7 68. Bc3 Ra6 69. Bg7 Ne6 70. h7 Ra8 71. Ra7 Rxa7 72. h8=Q Nxg7 73. Qxg7+ Kd8
74. Bf5 Rb7 75. Kf4 Rb4+ 76. Ke3 Rb7 77. Be6 Ra7 78. Qg5+ Ke8 79. Bg4 Ra3+ 80.
Kd4 Ra4+ 81. Kc3 1-0

[Event "Chigorin Memorial"]
[Site "St Petersburg RUS"]
[Date "2013.10.13"]
[Round "9.45"]
[White "Pashinsky, Mikhail"]
[Black "Nakar, Eylon"]
[Result "0-1"]
[BlackTitle "IM"]
[WhiteElo "2273"]
[BlackElo "2390"]
[WhiteFideId "4152450"]
[BlackFideId "2811111"]
[EventDate "2013.10.05"]

1. d4 Nf6 2. Nf3 g6 3. Bf4 Bg7 4. e3 O-O 5. Be2 d6 6. h3 Nc6 7. O-O Nd7 8. Bh2
e5 9. c4 b6 10. Nc3 Bb7 11. Qd2 Re8 12. Rfd1 exd4 13. exd4 Ne7 14. Bf4 Nf5 15.
Bg5 Nf6 16. g4 Ne7 17. d5 Nd7 18. Nd4 Qc8 19. Re1 Kh8 20. Bd1 Ng8 21. Ba4 Rxe1+
22. Rxe1 Ne5 23. Qe2 a6 24. Be3 Nf6 25. Bd1 b5 26. b3 c5 27. Nc2 bxc4 28. bxc4
Rb8 29. f4 Ned7 30. Qd3 Qd8 31. g5 Ne8 32. Bd2 Bc8 33. Qe3 Nc7 34. Ne4 Bf8 35.
Bc3+ Kg8 36. Bg4 Ne8 37. Nd2 Ng7 38. Nb3 Nb6 39. Qe2 Nf5 40. Ba1 Na4 41. Ne3 Bg7
42. Bxf5 Bxf5 43. Nxf5 gxf5 44. Bxg7 Kxg7 45. Qc2 Qd7 46. Kf2 h6 47. gxh6+ Kxh6
48. Re3 Rg8 49. Nd2 Rb8 50. Rb3 Re8 51. Nf3 Re4 52. Rb8 Qe7 53. Rh8+ Kg7 54. Rh5
Qf6 55. Rg5+ Kh6 56. Kg3 Nc3 57. h4 Ne2+ 58. Kf2 Nxf4 59. Kg3 Ne2+ 60. Kf2 Nf4
61. Kg3 Ne2+ 62. Kf2 Nd4 63. Qc1 Re2+ 64. Kf1 Nxf3 65. Rg3+ Rd2 66. Rxf3 Qd4 67.
Ke1 Qe4+ 68. Kxd2 Qxf3 69. Kc2+ f4 70. Qe1 Qg2+ 71. Kb1 Qg6+ 72. Kc1 Qd3 73. Kb2
Qd4+ 74. Kb1 Qd3+ 75. Kb2 Qe3 76. Qa5 Qe2+ 77. Kb1 Qxc4 78. Qd8 Qe4+ 79. Kc1
Qe1+ 80. Kc2 Qe2+ 81. Kc1 Qe1+ 82. Kc2 Qe4+ 83. Kc1 Qe5 84. Qf8+ Kg6 85. Qg8+
Qg7 86. Qc8 Qa1+ 87. Kd2 Qxa2+ 88. Ke1 Qa1+ 89. Kf2 Qd4+ 90. Kf1 Qd1+ 91. Kf2
Qd2+ 92. Kf1 Qd3+ 93. Ke1 Qe3+ 94. Kf1 f3 95. Qg8+ Kf6 96. Qd8+ Kg7 0-1

[Event "Chigorin Memorial"]
[Site "St Petersburg RUS"]
[Date "2013.10.13"]
[Round "9.48"]
[White "Khanin, Semen"]
[Black "Ben Artzi, Ido"]
[Result "1-0"]
[WhiteElo "2270"]
[BlackElo "2370"]
[WhiteFideId "4111990"]
[BlackFideId "2810913"]
[EventDate "2013.10.05"]

1. e4 e5 2. Nf3 Nc6 3. Bb5 a6 4. Ba4 Nf6 5. O-O Be7 6. Re1 b5 7. Bb3 d6 8. c3
O-O 9. d4 Bg4 10. d5 Na5 11. Bc2 c6 12. h3 Bc8 13. dxc6 Qc7 14. Nbd2 Qxc6 15.
Nf1 Nc4 16. Ng3 Re8 17. a4 Be6 18. Ng5 Bd7 19. Qe2 h6 20. Nf3 Be6 21. Nh4 Bf8
22. Qf3 Nh7 23. Nhf5 Kh8 24. Rd1 Red8 25. Nf1 Na5 26. axb5 axb5 27. h4 Nb3 28.
Rb1 b4 29. N5e3 Nf6 30. Nd2 Na1 31. Bd3 bxc3 32. bxc3 Qxc3 33. Qe2 Ra2 34. Nec4
Bxc4 35. Bxc4 Rc2 36. Qf3 d5 37. exd5 Bb4 38. Bd3 Ra2 39. Ne4 Qd4 40. Nxf6 Bc5
41. Be3 1-0

[Event "Chigorin Memorial"]
[Site "St Petersburg RUS"]
[Date "2013.10.13"]
[Round "9.49"]
[White "Mikhalchenko, Petr"]
[Black "Kostrikina, Anna"]
[Result "1/2-1/2"]
[BlackTitle "WFM"]
[WhiteElo "2344"]
[BlackElo "2140"]
[WhiteFideId "4177657"]
[BlackFideId "4176219"]
[EventDate "2013.10.05"]

1. Nf3 c5 2. g3 Nf6 3. Bg2 g6 4. b3 Bg7 5. Bb2 O-O 6. e3 d5 7. d4 Nc6 8. O-O Ne4
9. Ne5 f6 10. Nxc6 bxc6 11. f3 Ng5 12. dxc5 Qa5 13. f4 Ne4 14. c4 Qxc5 15. cxd5
Qxe3+ 16. Kh1 f5 17. Bxg7 Kxg7 18. Na3 Ba6 19. Nc2 Bxf1 20. Nxe3 Nf2+ 21. Kg1
Nxd1 22. Nxf1 Nc3 23. dxc6 Rac8 24. Ne3 Ne4 25. Rc1 Rf6 26. c7 Rd6 27. Rc4 Rd7
28. Bxe4 fxe4 29. Rxe4 Rcxc7 30. Nc4 Rd1+ 31. Kg2 Kf6 32. h4 Rcd7 33. Re5 R7d5
34. Re2 h5 35. Kf2 Ra1 36. Kf3 Rd3+ 37. Kg2 Rc3 38. Ne3 Rd3 39. Kf2 Rc1 40. Nc2
Rcd1 41. Nb4 R3d2 42. Nc6 Rxe2+ 43. Kxe2 Ra1 44. a4 Rb1 45. b4 Rc1 46. b5 a6 47.
Kd2 Rc5 48. Na7 axb5 49. axb5 Rc7 50. Nc6 Rb7 51. Nd4 e5 52. fxe5+ Kxe5 53. Ke3
Rb6 54. Nc6+ Kf5 55. Kf3 Rb7 56. Nd4+ Ke5 57. Ke3 Kd5 58. Ne2 Kc4 59. Nf4 Rb6
60. Kf3 Kd4 61. g4 Rxb5 62. Nxg6 hxg4+ 63. Kxg4 Ke4 64. h5 Rb1 65. h6 Rg1+ 66.
Kh5 Rh1+ 67. Kg5 Rg1+ 68. Kh5 Rh1+ 69. Kg5 1/2-1/2

[Event "Chigorin Memorial"]
[Site "St Petersburg RUS"]
[Date "2013.10.13"]
[Round "9.50"]
[White "Suleymanyants, Odisey"]
[Black "Mikhailov, Viacheslav"]
[Result "1/2-1/2"]
[WhiteTitle "FM"]
[BlackTitle "FM"]
[WhiteElo "2262"]
[BlackElo "2343"]
[WhiteFideId "24149357"]
[BlackFideId "4187369"]
[EventDate "2013.10.05"]

1. e4 c5 2. Nf3 e6 3. c3 d6 4. d4 b6 5. Bb5+ Bd7 6. a4 Be7 7. e5 d5 8. Bd3 Nc6
9. Na3 a6 10. h4 c4 11. Bb1 b5 12. h5 Na5 13. axb5 Nb3 14. Ra2 axb5 15. h6 g6
16. Nc2 Rxa2 17. Bxa2 Nxc1 18. Qxc1 Qa5 19. Bb1 b4 20. Qd2 bxc3 21. bxc3 Bf8 22.
g4 Qb6 23. Nb4 Bxb4 24. cxb4 Ne7 25. O-O Nc6 26. Qf4 Qxb4 27. Qf6 Rf8 28. Ng5
Qe7 29. Nxh7 Qxf6 30. Nxf6+ Ke7 31. Rd1 Nb4 32. Rc1 Ba4 33. Kg2 Rh8 34. h7 Kf8
35. Kf3 Kg7 36. Ke3 Rc8 37. Rc3 Bb3 38. f4 Ra8 39. f5 Ba2 40. fxe6 fxe6 41. Bc2
Nc6 42. Bd1 Bb3 43. Bxb3 Ra3 44. Kf4 Rxb3 45. Rc1 c3 46. Kg5 Kh8 47. Kxg6 Nxd4
48. Ra1 Nc6 49. Nd7 c2 50. Ra8+ Rb8 51. Nxb8 Nxe5+ 52. Kf6 Nxg4+ 53. Kg6 Ne5+
54. Kf6 c1=Q 55. Nd7+ Kxh7 56. Nxe5 d4 57. Ra7+ Kh6 58. Rd7 Qa1 59. Kxe6 Kh5 60.
Kf5 Qb1+ 61. Kf4 Qc1+ 62. Kf5 Qc2+ 63. Kf4 Qf2+ 64. Ke4 Qe3+ 65. Kf5 Kh4 66.
Rxd4+ Qxd4 67. Nf3+ Kh5 68. Nxd4 1/2-1/2